| 000 | 00895nam a22001577a 4500 | ||
|---|---|---|---|
| 003 | LRUA | ||
| 005 | 20191003155631.0 | ||
| 008 | 191003b xxu||||| |||| 00| 0 eng d | ||
| 040 | _cRUA | ||
| 082 | _aANS CHA 2018 B.468 Or.1 | ||
| 100 |
_913944 _aCHAMEROEURN CHAMREN ; ចំរើន ចំរ៉ែន |
||
| 245 | _aការប្រៀបធៀបចំណីសម្រេចរបស់ក្រុមហ៊ុន VASA FEED និងចំណីផ្សមលើការលូតលាស់របស់មាន់ពូជក្នុងស្រុកនៅក្រុងតាខ្មៅ ខេត្តកណ្ដាល, Comparison of vasa feed company's concentrated with self formulated feed on growth performent of local chicke at vbc centre at takhmao city, kadal province. | ||
| 260 |
_aRUA _bPHNOM PENH _c2018 |
||
| 300 |
_aviii, 42p, _bill; _c29cm; |
||
| 942 |
_2ddc _cANS |
||
| 999 |
_c18268 _d18268 |
||